Fundamentos y bases para todas las áreas enfermeras (Registro nro. 2044)
[ vista simple ]
| 000 -CABECERA | |
|---|---|
| campo de control de longitud fija | 00605nam a2200205Ia 4500 |
| 003 - IDENTIFICADOR DEL NÚMERO DE CONTROL | |
| campo de control | AR-RoIUNI |
| 005 - FECHA Y HORA DE LA ÚLTIMA TRANSACCIÓN | |
| campo de control | 20181203110640.0 |
| 007 - CAMPO FIJO DE DESCRIPCIÓN FÍSICA--INFORMACIÓN GENERAL | |
| campo de control de longitud fija | ta |
| 008 - DATOS DE LONGITUD FIJA--INFORMACIÓN GENERAL | |
| campo de control de longitud fija | 150616s2014 sp r 000 0 spa d |
| 020 ## - NÚMERO INTERNACIONAL ESTÁNDAR DEL LIBRO | |
| Número Internacional Estándar del Libro | 9788495626899 |
| 040 ## - FUENTE DE LA CATALOGACIÓN | |
| Centro/agencia transcriptor | AR-RoIUNI |
| Lengua de catalogación | spa |
| Normas de descripción | aarc2 |
| 080 ## - NÚMERO DE LA CLASIFICACIÓN DECIMAL UNIVERSAL | |
| Número de la Clasificación Decimal Universal | 614 CHE |
| 100 1# - ENTRADA PRINCIPAL--NOMBRE DE PERSONA | |
| 9 (RLIN) | 436 |
| Nombre de persona | Checa, Daniel Andrés |
| 245 10 - MENCIÓN DE TÍTULO | |
| Título | Fundamentos y bases para todas las áreas enfermeras |
| Resto del título | manual completo de enfermería |
| Número de parte o sección de la obra | Tomo 1 |
| Mención de responsabilidad, etc. | [coordinado por] Daniel Andrés Checa. |
| 260 ## - PUBLICACIÓN, DISTRIBUCIÓN, ETC. (PIE DE IMPRENTA) | |
| Lugar de publicación, distribución, etc. | Valencia? : |
| Nombre del editor, distribuidor, etc. | Barcelbaires, |
| Fecha de publicación, distribución, etc. | 2014. |
| 300 ## - DESCRIPCIÓN FÍSICA | |
| Extensión | 530 p. |
| 650 10 - PUNTO DE ACCESO ADICIONAL DE MATERIA--TÉRMINO DE MATERIA | |
| Término de materia o nombre geográfico como elemento inicial | Enfermería |
| 9 (RLIN) | 86 |
| 650 #4 - PUNTO DE ACCESO ADICIONAL DE MATERIA--TÉRMINO DE MATERIA | |
| Término de materia o nombre geográfico como elemento inicial | MANUAL |
| 942 ## - ELEMENTOS DE PUNTO DE ACCESO ADICIONAL (KOHA) | |
| Tipo de ítem Koha | Libros |
| Fuente del sistema de clasificación o colocación | Clasificación Decimal Universal |
| Estado de retiro | Estado de pérdida | Fuente del sistema de clasificación o colocación | Estado dañado | Restricciones de uso | Excepción de préstamo | Código de colección | Localización permanente | Ubicación/localización actual | Ubicación en estantería | Fecha de adquisición | Número de inventario | Total de préstamos | Signatura topográfica completa | Código de barras | Fecha visto por última vez | Fecha del último préstamo | Tipo de ítem Koha | Precio válido a partir de | Fuente de adquisición |
|---|---|---|---|---|---|---|---|---|---|---|---|---|---|---|---|---|---|---|---|
| Clasificación Decimal Universal | Consulta en biblioteca | Enfermería | BIBLIOTECA CRESPO | BIBLIOTECA CRESPO | BIBLIOTECA CRESPO | 06/08/2021 | 2045 | 5 | 614 CHE | 2045c | 27/09/2019 | 23/09/2019 | Libros | ||||||
| Clasificación Decimal Universal | BIBLIOTECA ELORTONDO | BIBLIOTECA ELORTONDO | BIBLIOTECA ELORTONDO | 01/08/2022 | 7340 | 614 CHE | 7340 | 01/08/2022 | Libros | 01/08/2022 | Compra | ||||||||
| Clasificación Decimal Universal | BIBLIOTECA SANTA FE | BIBLIOTECA SANTA FE | BIBLIOTECA SANTA FE | 21/03/2018 | 3900 | 614 FUN | 3900c | 21/03/2018 | Libros | 21/03/2018 |

